000 00580nam a2200193Ia 4500
003 GCL
008 140319s9999 xx 000 0 ara d
040 _aGCL /
_cGCL
082 0 4 _a813.01
_bا ت
100 1 _aاسامة انور عكاشة
245 1 0 _aتباريح خريفية /
_cاسامة انور عكاشة
300 _a92 ص
490 _aوجدانيات
_v0
650 0 4 _aالقصص العربية
650 0 4 _aالقصص القصيرة
650 0 4 _aالقصة العربية
650 0 4 _aالادب العربى - العصر الحديث
942 _2ddc
_cBK
999 _c49366
_d49366